<?xml version="1.0" encoding="UTF-8"?>
<marc:record xmlns:marc="http://www.loc.gov/MARC21/slim">
   <marc:leader>00000nam a2200000 a 4500</marc:leader>
   <marc:datafield ind1="1" ind2=" " tag="100">
      <marc:subfield code="a">Letkowski, Christoph</marc:subfield>
   </marc:datafield>
   <marc:datafield ind1="1" ind2=" " tag="100">
      <marc:subfield code="a">Rohde, Armin</marc:subfield>
   </marc:datafield>
   <marc:datafield ind1="1" ind2=" " tag="100">
      <marc:subfield code="a">Ochsenknecht, Uwe</marc:subfield>
   </marc:datafield>
   <marc:datafield ind1="1" ind2=" " tag="100">
      <marc:subfield code="a">Erkau, André</marc:subfield>
   </marc:datafield>
   <marc:datafield ind1="0" ind2="0" tag="245">
      <marc:subfield code="a">Winnetous Sohn [Bildtonträger]</marc:subfield>
   </marc:datafield>
   <marc:datafield ind1="0" ind2="0" tag="245">
      <marc:subfield code="c">ein Film von André Erkau. Mit Uwe Ochsenknecht, Armin Rohde, Christoph Letkowski ...</marc:subfield>
   </marc:datafield>
   <marc:datafield ind1=" " ind2="1" tag="264">
      <marc:subfield code="b">Universumfilm</marc:subfield>
      <marc:subfield code="c">2017</marc:subfield>
   </marc:datafield>
   <marc:datafield ind1="1" ind2=" " tag="520">
      <marc:subfield code="a">Wie ein Indianer sieht der zehnjährige Max nun wirklich nicht aus. Macht aber nichts, denn er ist trotzdem einer. Der Häuptling sogar. Nur seinen Stamm hat er nicht so richtig im Griff: Sein Vater musste vor kurzem aus dem Familientipi ausziehen und seine Mutter wandelt schon auf fremden Pfaden. Da kommt ihm eine Nachricht gerade recht: Die Karl-May-Festspiele suchen einen neuen Darsteller für Winnetous Sohn. Wenn er die Rolle bekommt, wird alles wieder so werden wie früher, davon ist Max überzeugt. Also trainiert er wie besessen für das Casting, wobei ihm ausgerechnet der gleichaltrige Morten hilft, der Indianer eigentlich nur doof findet.</marc:subfield>
   </marc:datafield>
   <marc:datafield ind1=" " ind2=" " tag="020">
      <marc:subfield code="a">8875094139</marc:subfield>
      <marc:subfield code="9">8875094139</marc:subfield>
   </marc:datafield>
   <marc:datafield ind1=" " ind2=" " tag="500">
      <marc:subfield code="a">Orig. : Deutschland 2015. Sprache: German (Dolby Digital 5.1), German (DD Stereo)</marc:subfield>
   </marc:datafield>
   <marc:datafield ind1="0" ind2=" " tag="490">
      <marc:subfield code="v">0</marc:subfield>
   </marc:datafield>
   <marc:datafield ind1=" " ind2=" " tag="300">
      <marc:subfield code="a">1 DVD (89 Min.) : farbig</marc:subfield>
   </marc:datafield>
</marc:record>
